000 00571nam a2200217 i 4500
001 C2-0304117
003 PPAK
005 20180728085120.0
008 100504s1959 nyu |||| ||||| | eng d
040 _aPPAK
_beng
_cPPAK
_erda
082 0 4 _a882
_223
090 0 0 _a882
_bSOP
_dKIH
100 0 _aSophocles,
_eauthor
245 1 0 _aOedipus the king
264 1 _aNew York :
_bWashington square Press ,
_c1959
300 _axxxii, 110 pages ;
_c16 cm
336 _2rdacontent
_atext
337 _2rdamedia
_aunmediated
338 _2rdacarrier
_avolume
942 _ddc
_cB
999 _c107280
_d107280